Contemporary issues in management research (Record no. 210124)

MARC details
000 -LEADER
fixed length control field 00444nam a2200169Ia 4500
008 - FIXED-LENGTH DATA ELEMENTS--GENERAL INFORMATION
fixed length control field 231221s9999 xx 000 0 und d
020 ## - INTERNATIONAL STANDARD BOOK NUMBER
International Standard Book Number 9790000000000
041 ## - LANGUAGE CODE
Language code of text/sound track or separate title English
082 ## - DEWEY DECIMAL CLASSIFICATION NUMBER
Classification number 658 JAW;1 R
100 ## - MAIN ENTRY--PERSONAL NAME
Personal name Jawahar, David P (ed.)
245 #0 - TITLE STATEMENT
Title Contemporary issues in management research
250 ## - EDITION STATEMENT
Edition statement 1st ed.
260 ## - PUBLICATION, DISTRIBUTION, ETC.
Date of publication, distribution, etc. 2009
Name of publisher, distributor, etc. Excel Books
Place of publication, distribution, etc. New Delhi
300 ## - PHYSICAL DESCRIPTION
Extent vi+318
650 ## - SUBJECT ADDED ENTRY--TOPICAL TERM
Topical term or geographic name entry element Contemporary,managemeent
942 ## - ADDED ENTRY ELEMENTS (KOHA)
Koha item type Business Management Library
Holdings
Date last seen Total checkouts Full call number Accession number Date last checked out Cost, total (INR) price Price effective from Category Lost status Damaged status Department Withdrawn status Home library Current library Shelving location Entry date Vendor Cost, normal purchase price Grants Billnumber Billdate Currency symbol Conversion rate Discount Old discount
18/12/2024 1 658 JAW;1 R BM1297 02/04/2024 371.25 26/01/2024 Business Management Library     Central Library   Central Library RFID Kiosk Central Library   Intact Book House Pvt Ltd 495.00 BM 2009/CRB/0000703 22/03/2013 RS 1 123.75 25

© For any Suggestions or Query, please contact the library staff @ librarian@pes.edu or Phone: +9180 2672 1983/ 2108.